| 000 | 00402nam a2200157Ia 4500 | ||
|---|---|---|---|
| 008 | 230917s9999||||xx |||||||||||||| ||und|| | ||
| 040 |
_e217719 _aMAIN |
||
| 041 | _aEnglish | ||
| 082 | _a300.72 D438S(4) | ||
| 100 | _aDenzin, Narmank | ||
| 245 | 0 | _aStrategies of qualitative inquiry | |
| 250 | _a4th ed. | ||
| 260 |
_aLos Angeles _bSage Publications _c2013 |
||
| 300 | _axiii, 423 p. | ||
| 942 | _cBK | ||
| 999 |
_c178556 _d178556 |
||